Principles of Soft Computing (Record no. 11286)
[ view plain ]
| 000 -LEADER | |
|---|---|
| fixed length control field | 00387nam a22001697a 4500 |
| 003 - CONTROL NUMBER IDENTIFIER | |
| control field | OSt |
| 008 - FIXED-LENGTH DATA ELEMENTS--GENERAL INFORMATION | |
| fixed length control field | 220609b ||||| |||| 00| 0 eng d |
| 082 ## - DEWEY DECIMAL CLASSIFICATION NUMBER | |
| Classification number | 005.1 DEP |
| 100 ## - MAIN ENTRY--PERSONAL NAME | |
| Personal name | DEEPA, S.N. |
| 245 ## - TITLE STATEMENT | |
| Title | Principles of Soft Computing |
| 250 ## - EDITION STATEMENT | |
| Edition statement | 3nd |
| 260 ## - PUBLICATION, DISTRIBUTION, ETC. (IMPRINT) | |
| Place of publication, distribution, etc | New Delhi |
| Name of publisher, distributor, etc | Wiley |
| Date of publication, distribution, etc | 2021 |
| 300 ## - PHYSICAL DESCRIPTION | |
| Extent | 760 |
| 650 ## - SUBJECT ADDED ENTRY--TOPICAL TERM | |
| Topical term or geographic name as entry element | B.Tech(CSE) |
| 700 ## - ADDED ENTRY--PERSONAL NAME | |
| Personal name | Sivanandam,S.N. |
| 942 ## - ADDED ENTRY ELEMENTS (KOHA) | |
| Source of classification or shelving scheme | Dewey Decimal Classification |
| Koha item type | Text Books |
| Withdrawn status | Lost status | Source of classification or shelving scheme | Damaged status | Not for loan | Collection code | Home library | Current library | Date acquired | Source of acquisition | Currency | Cost, normal purchase price | Bill Number | Total Checkouts | Full call number | Acc. no. / Barcode | Checked out | Date last seen | Date last borrowed | Actual Cost, discounted price | Bill Date | Koha item type |
|---|---|---|---|---|---|---|---|---|---|---|---|---|---|---|---|---|---|---|---|---|---|
| Dewey Decimal Classification | B.Tech(CSE) | PIET C-LIBRARY | PIET C-LIBRARY | 25/05/2022 | Kirthi Prakashan | Indian Rup | 869.00 | IN312 | 2 | 005.1 DEP | 33656 | 10/08/2026 | 22/01/2026 | 22/01/2026 | 634.37 | 25/05/2022 | Text Books |